The State and Education in Latin America : Fault Lines, Foundations, and Alternatives /
This book departs from the position that research on education reform in Latin America does not go far enough when it comes to considering the origins and limitations that are at the heart of the State itself. While it is valuable to portray contemporary political processes, it is just as important...
مؤلفون آخرون: , ,
التنسيق: كتاب الكتروني
اللغة: English
منشور في:
Leiden ; Boston :
Brill,
2026.
سلاسل:
Comparative and International Education: The Hispanic Americas ;
3.
Educational Research E-Books Online, Collection 2026.
الموضوعات:
الوصول للمادة أونلاين: Login to view Source
الوسوم: إضافة وسم
رقم الطلب: LA227.3
| LEADER | 03432nam a22005538i 4500 | ||
|---|---|---|---|
| 001 | BRILL9789004748811 | ||
| 003 | nllekb | ||
| 005 | 20260324115021.0 | ||
| 006 | m d | ||
| 007 | cr un uuuua | ||
| 008 | 250910s2026 gw sb 001 0 eng d | ||
| 020 | |a 9789004748811 |q (electronic book) | ||
| 020 | |z 9789004748804 |q (print) | ||
| 024 | 7 | |a 10.1163/9789004748811 |2 DOI | |
| 035 | |z (OCoLC)1525979531 | ||
| 040 | |a NL-LeKB |c NL-LeKB |e rda | ||
| 041 | |a eng | ||
| 050 | 4 | |a LA227.3 | |
| 072 | 7 | |a EDU |x 000000 |2 bisacsh | |
| 072 | 7 | |a JN |2 bicssc | |
| 082 | 0 | 4 | |a 378/.012/0973 |2 23 |
| 245 | 0 | 4 | |a The State and Education in Latin America : |b Fault Lines, Foundations, and Alternatives / |c edited by D. Brent Edwards Jr., Mauro C. Moschetti, Claudia Díaz-Ríos. |
| 246 | 3 | |a Fault Lines, Foundations, and Alternatives | |
| 264 | 1 | |a Leiden ; |a Boston : |b Brill, |c 2026. | |
| 264 | 4 | |c ©2026 | |
| 300 | |a 1 online resource (464 pages) : |b illustrations. | ||
| 336 | |a text |b txt |2 rdacontent | ||
| 337 | |a computer |b c |2 rdamedia | ||
| 338 | |a online resource |2 rdacarrier | ||
| 490 | 1 | |a Comparative and International Education: The Hispanic Americas ; |v 3 | |
| 490 | 1 | |a Educational Research E-Books Online, Collection 2026 | |
| 504 | |a Includes bibliographical references and index. | ||
| 520 | |a This book departs from the position that research on education reform in Latin America does not go far enough when it comes to considering the origins and limitations that are at the heart of the State itself. While it is valuable to portray contemporary political processes, it is just as important to make visible the characteristics and limits of the underlying (State) foundation(s) through which and upon which reforms are introduced. In doing so, this book not only helps to shed light on the reasons for policy success or failure but also facilitates analysis that pairs historical considerations on the nature and development of the State together with current findings related to the effects of (political-economic) globalization-all while being attentive to the way that these historical and contemporary forces affect, operate through or are contested by education. Contributors are: Felicitas Acosta, Maria Balarin, Naomi Caywood, Alejandro Caravaca, Daniel Corredor-Llorente, Claudia Díaz-Ríos, Victoria Desimoni, Kevin Donley, D. Brent Edwards Jr., Tomás Esper, Germán Flores, Vanessa Ghersi Cordano, Patricia Grillet, tavis d. jules, Julio Lojano, Magdalena Madany-Saá, Iván Matovich, Mauro C. Moschetti, Siobhan Ng, Juan David Parra, Tobias Roberts and Rebecca Tarlau. | ||
| 546 | |a English | ||
| 588 | |a Description based on print version record. | ||
| 650 | 0 | |a Comparative Education. | |
| 650 | 0 | |a Education Policy & Politics. | |
| 650 | 0 | |a Education. | |
| 650 | 0 | |a Educational Theory. | |
| 650 | 0 | |a Inclusive Education. | |
| 650 | 0 | |a Social Justice. | |
| 700 | 1 | |a Díaz-Ríos, Claudia, |e editor. | |
| 700 | 1 | |a Edwards Jr., D. Brent, |e editor. | |
| 700 | 1 | |a Moschetti, Mauro C., |e editor. | |
| 776 | 0 | 8 | |i Print version: |t The State and Education in Latin America : Fault Lines, Foundations, and Alternatives. |d Leiden ; Boston : Brill, 2026. |z 9789004748804 |
| 830 | 0 | |a Comparative and International Education: The Hispanic Americas ; |v 3. | |
| 830 | 0 | |a Educational Research E-Books Online, Collection 2026. | |
| 856 | 4 | |z DOI: |u http://dx.doi.org/10.1163/9789004748811 | |
| 999 | |c 61928 |d 61928 | ||
